| 000 | 00999nam a2200241 a 4500 | ||
|---|---|---|---|
| 008 | 120416s1986 ||||||||||||||||| || u | ||
| 020 | _a0912338555 | ||
| 050 | _aHD 31 Iss | ||
| 100 | _aCoates, Joseph F. (Joseph Francis), 1929- | ||
| 245 | 1 | 0 | _aIssues management |
| 246 | _ahow you can plan, organize and manage for the future | ||
| 260 |
_aMt. Airy. MD. _bLomond _c1986 |
||
| 300 | _ax, 142p. : ill | ||
| 350 | _a0.00 | ||
| 500 | _a'This book is based on a research report prepared by J.F. Coates, Inc. for the Electric Power Research Institute (EPRI) -Includes index. -Bibliography: p. [133]-137. | ||
| 650 | 0 | _aBUSINESS FORECASTING | |
| 650 | 0 | _aMANAGEMENT | |
| 650 | 0 | _aECONOMIC FORECASTING--DEVELOPING COUNTRIES | |
| 650 | 0 | _aSTRATEGIC PLANNING | |
| 710 | _aElectric Power Research Institute | ||
| 710 | _aJF Coates, Inc | ||
| 995 |
_D0.00 _FCBU-MAIN LIBRARY (Kitwe) _H1 _I27.50 _M1 _UAVAILABLE _ZAnnex Low-Usage Collection |
||
| 999 |
_c48400 _d48400 |
||